000 00296nam a22001337a 4500
008 170309b xxu||||| |||| 00| 0 eng d
020 _a9780673994844
041 _aeng
080 _a611
100 _a6
101 _ashm
245 _aATLAS OF THE HUMAN SKELETON
_cTORTORA, G.J
942 _2udc
_cBK
999 _c7319
_d7319